Statistieken voor Libië Trivia Quiz

Klik hier om de quiz te nemen!

Algemene statistieken

  • Deze quiz is 198 keer genomen
  • De gemiddelde score is 15 van 20

Antwoordstatistieken

HintAntwoord% Correct
Aangrenzend landAlgerije
95%
Officiële taalArabisch
95%
Aangrenzend landEgypte
95%
Aangrenzend landTunesië
94%
Europees land dat kort Libië gekoloniseerd heeftItalië
93%
HoofdstadTripoli
93%
Aangrenzend landSoedan
92%
Aangrenzend landTsjaad
91%
Aangrenzend landNiger
89%
Dictator van Libië tussen 1969 en 2011Moammar al-Qadhafi
73%
Reeks protesten die de ondergang van de bovenstaande veroorzaaktenArabische lente
69%
Het enige dat op de voormalige vlag van Libië te zien was, van 1977 tot 2011Groen
68%
Libië krijgt hiervan minder dan enig ander land, op het buurland in het oosten naRegen
66%
Valuta van LibiëDinar
60%
Betekenis van de naam van de hoofdstadDrie steden
57%
Op één na grootste stadBenghazi
53%
Wat is een sirocco?Wind
53%
Vlucht die Libië in 1988 boven Lockerbie, Schotland, bombardeerde{Pan} {Am}
vlucht 103
48%
'M'-woord dat verwijst naar het oude gedeelte van een stad in Noord-Afrikaanse landenMedina
41%
Libië maakte deel uit van deze historische, piratenrijke regio{Barbarijse} Kust
28%

Scoreverdeling

Percentiel versus Aantal Correcte Antwoorden

Procent van Mensen met Elke Score

Uw Scoregeschiedenis

U heeft deze quiz nog niet genomen